Statistics for Български победи над отбори от топ 4 първенствата в Европа

Click here to take the quiz!

General Stats

  • This quiz has been taken 36 times
  • The average score is 10 of 21

Answer Stats

Answer% Correct
Рома
94%
Барселона
94%
Ливърпул
91%
Байерн
91%
Ювентус
84%
Лацио
72%
Милан
69%
Байер Л
53%
Атлетико М
50%
Удинезе
47%
Нотингам
41%
Валенсия
34%
Киево
34%
Щутгарт
34%
Борусия Д
31%
Реал С
28%
Хофенхайм
22%
Атлетик Б
22%
Унион
16%
Сарагоса
6%
Дуисбург
0%

Score Distribution

Percentile by Number Answered

Percent of People with Each Score

Your Score History

You have not taken this quiz